Nacionaľnyj mentalitet i kommunikativnoje povedenije: sravniteľnyj analiz slovakov i russkich
Porovnanie komunikačného správania a národnej mentality dvoch slovanských národov - Slovákov a Rusov, spoločné a rozdielne znaky.
Na minha lista:
| Autor principal: | |
|---|---|
| Formato: | Capítulo de Livro |
| Idioma: | russo |
| Assuntos: | |
| Tags: |
Sem tags, seja o primeiro a adicionar uma tag!
|
MARC
| LEADER | 00000naa a2200000 4500 | ||
|---|---|---|---|
| 001 | 0166939 | ||
| 005 | 20240502083408.8 | ||
| 041 | 0 | |a rus | |
| 044 | |a RU | ||
| 245 | 1 | 0 | |a Nacionaľnyj mentalitet i kommunikativnoje povedenije: sravniteľnyj analiz slovakov i russkich |c Katarína Strelková |
| 520 | |a Porovnanie komunikačného správania a národnej mentality dvoch slovanských národov - Slovákov a Rusov, spoločné a rozdielne znaky. | ||
| 610 | 2 | 0 | |a komunikácia sociálna |
| 610 | 2 | 0 | |a komunikácia verbálna |
| 610 | 2 | 0 | |a kultúra |
| 610 | 2 | 0 | |a národ |
| 610 | 2 | 0 | |a história |
| 610 | 2 | 0 | |a Rusko |
| 610 | 2 | 0 | |a Slovensko |
| 100 | 1 | |a Strelková, Katarína | |